000 00734nam a22002175i 4500
001 177650
003 ES-MaACL
005 20230906220359.0
008 110411s2005 sp |||| | spa d
020 _a84-95011-91-3
080 _a821.134.2-31"19"
100 1 _aRomero Sánchez-Cutillas, Luis del.
_9146084
245 1 0 _aCartas muertas /
_cLuis del Romero Sánchez-Cutillas.
260 _aAlcalá de Henares :
_bFundación Colegio del Rey,
_cimp. 2005.
300 _a175 p. ;
_c21 cm.
490 1 _aAlcalá-Narrativa ;
_v27
500 _aCartas muertas obtuvo el premio de narrativa "Ciudad de Alcalá de Henares" 2004.
830 0 _aAlcalá-Narrativa ;
_v27
_9190393
852 _aES-MaACL
_jE-14851
999 _c177650
_d177650